Equipos de futbol sudamericano que nunca han descendido - Estadísticas

Estadísticas generales
  • Esta prueba ha sido intentada 69 veces
  • La puntuación promedio es 14 de 21
Estadísticas de respuestas
País Equipo de Futbol % Correcto
Argentina Boca Juniors
95%
Chile Colo Colo
95%
Uruguay Peñarol
93%
Uruguay Nacional
92%
Paraguay Olimpia
87%
Colombia Atlético Nacional
85%
Perú Universitario
79%
Paraguay Cerro Porteño
77%
Colombia Millonarios
74%
Venezuela Caracas
69%
Bolivia The Strongest
69%
Perú Sporting Cristal
66%
Colombia Junior
59%
Colombia Deportivo Cali
57%
Colombia Once Caldas
54%
Colombia Independiente Medellín
46%
Paraguay Guarani
43%
Venezuela Deportivo Tachira
39%
Colombia Independiente Santa Fe
39%
Bolivia Oriente Petrolero
36%
Ecuador Barcelona SC
34%
No se encontraron pruebas coincidentes
Distribución de puntuación
Porcentaje de gente con cada puntuación
Porcentaje por número respondido
Historial de tus puntuaciones
No has intentado esta prueba.